¿Musulmanes o inmigrantes? La institucionalización del islam en España (1860-1992) (Registro nro. 49631)
[ vista simple ]
| 000 -CABECERA | |
|---|---|
| Longitud fija campo de control | 01225naa a2200337 c 4500 |
| 001 - NÚMERO DE CONTROL | |
| Número de control | 49631 |
| 003 - IDENTIFICADOR DE NÚMERO DE CONTROL | |
| Identificador del número de control | ES-MaCES |
| 005 - FECHA Y HORA DE LA ÚLTIMA TRANSACCIÓN | |
| Fecha y hora de la última transacción | 20170727125600.0 |
| 008 - CAMPO FIJO DE DESCRIPCIÓN FIJA--INFORMACIÓN GENERAL | |
| Códigos de información de longitud fija | 170705s2017 sp ||||| t||||||| ||spa d |
| 040 ## - FUENTE DE CATALOGACIÓN | |
| Centro catalogador de origen | ES-MaCES |
| Lengua de catalogación | spa |
| Centro transcriptor | ES-MaCES |
| Centro modificado | ES-MaCES |
| 100 1# - ENCABEZAMIENTO PRINCIPAL--NOMBRE PERSONAL | |
| 9 (RLIN) | 38359 |
| Nombre de persona | Tarrés Chamorro, Sol |
| 245 11 - MENCIÓN DE TÍTULO | |
| Título | ¿Musulmanes o inmigrantes? La institucionalización del islam en España (1860-1992) |
| Mención de responsabilidad, etc. | Sol Tarrés Chamorro, Javier Rosón Lorente |
| 500 ## - NOTA GENERAL | |
| Nota general | Resumen |
| 504 ## - NOTA DE BIBLIOGRAFÍA, ETC. | |
| Nota de bibliografía, etc. | Bibliografía: p. 184-185 |
| 650 #4 - ASIENTO SECUNDARIO DE MATERIA--TÉRMINO DE MATERIA | |
| 9 (RLIN) | 27334 |
| Término de materia o nombre geográfico como elemento inicial | islam |
| 650 #4 - ASIENTO SECUNDARIO DE MATERIA--TÉRMINO DE MATERIA | |
| 9 (RLIN) | 28590 |
| Término de materia o nombre geográfico como elemento inicial | árabe |
| 650 #4 - ASIENTO SECUNDARIO DE MATERIA--TÉRMINO DE MATERIA | |
| 9 (RLIN) | 28595 |
| Término de materia o nombre geográfico como elemento inicial | comunidad |
| 650 #4 - ASIENTO SECUNDARIO DE MATERIA--TÉRMINO DE MATERIA | |
| 9 (RLIN) | 27196 |
| Término de materia o nombre geográfico como elemento inicial | organización institucional |
| 650 #4 - ASIENTO SECUNDARIO DE MATERIA--TÉRMINO DE MATERIA | |
| 9 (RLIN) | 27308 |
| Término de materia o nombre geográfico como elemento inicial | asociación |
| 650 #4 - ASIENTO SECUNDARIO DE MATERIA--TÉRMINO DE MATERIA | |
| 9 (RLIN) | 27284 |
| Término de materia o nombre geográfico como elemento inicial | participación social |
| 650 #4 - ASIENTO SECUNDARIO DE MATERIA--TÉRMINO DE MATERIA | |
| 9 (RLIN) | 27251 |
| Término de materia o nombre geográfico como elemento inicial | historia |
| 650 #4 - ASIENTO SECUNDARIO DE MATERIA--TÉRMINO DE MATERIA | |
| 9 (RLIN) | 27119 |
| Término de materia o nombre geográfico como elemento inicial | colonialismo |
| 650 #4 - ASIENTO SECUNDARIO DE MATERIA--TÉRMINO DE MATERIA | |
| 9 (RLIN) | 26831 |
| Término de materia o nombre geográfico como elemento inicial | Africa del Norte |
| 650 #4 - ASIENTO SECUNDARIO DE MATERIA--TÉRMINO DE MATERIA | |
| 9 (RLIN) | 26964 |
| Término de materia o nombre geográfico como elemento inicial | España |
| 650 #4 - ASIENTO SECUNDARIO DE MATERIA--TÉRMINO DE MATERIA | |
| 9 (RLIN) | 38361 |
| Término de materia o nombre geográfico como elemento inicial | 1860-1992 |
| 653 10 - TÉRMINO DE INDEXACIÓN--NO CONTROLADO | |
| Término no controlado | Ciencias Sociales-Políticas |
| 700 1# - ENCABEZAMIENTO SECUNDARIO--NOMBRE PERSONAL | |
| 9 (RLIN) | 38360 |
| Nombre de persona | Rosón Lorente, Javier |
| 773 0# - ENTRADA DE DOCUMENTO FUENTE | |
| Itemnumber del ítem fuente | 86215 |
| Lugar, editor y fecha de publicación | Barcelona CIDOB |
| Otro identificador del documento | 089112 |
| Título | Revista CIDOB d'afers internacionals |
| Número de control del registro relacionado | (ES-MaCES)25976 |
| Parte(s) relacionada(s) | Nueva ép., n. 115 (abr. 2017) {55/1022 R. 089112} ;p. 165-185 |
| 902 ## - CES. TIPO DE DOCUMENTO | |
| Tipodoc (006$c Sirtex) | ART Artículo de revista |
| 942 ## - ELEMENTOS KOHA | |
| Fuente de clasificaión o esquema | Clasificación propia del CES |
| Koha [por defecto] tipo de item | Artículos (1982-2017) |
| Parte de clasificación | Ciencias Sociales Politicas Empresariale |
No hay ítems disponibles.
